000 00557nam a22001937a 4500
005 20251108165420.0
008 250721s2000 xx 000 0 ara d
082 1 4 _aق/كري
100 1 _aكريستي، أجاتا
245 1 0 _aالرعب القاتل /
264 1 _aالقاهرة :
_bمكتبة معروف،
_c[- 2000].
300 _a145ص.
490 0 _aمجموعة قصص أجاثا كريستي
650 1 7 _aالادب المترجم
650 1 7 _aالروايات
700 1 _aيوسف، عمرو
942 _2ddc
_cBK
999 _c27376
_d27376